000
00283nam a2200121 a 4500
008
100917s1977|||| d
245
1
0
_a
Jennie Gerhardtová 2
100
1
_a
Dreiser, Theodore
260
_a
Bratislava
_b
Tatran
_c
1977
020
_c
95
044
_a
xo
_c
SK
041
_a
slo
999
_c
10458
_d
10458